[Event "Gibraltar Open"]
[Site "Caleta ENG"]
[Date "2012.01.27"]
[Round "4.108"]
[White "Spanton, Tim R"]
[Black "Henrichsen, Jens"]
[Result "1-0"]
[WhiteElo "1984"]
[BlackElo "1901"]
[WhiteFideId "404802"]
[BlackFideId "1401858"]
[EventDate "2012.01.24"]

1. c4 Nf6 2. g3 e6 3. Bg2 c5 4. Nf3 b6 5. Ne5 d5 6. Qa4+ Nbd7 7. cxd5 exd5 8.
Nc3 Bb7 9. d3 h6 10. Bf4 a6 11. Qb3 c4 12. dxc4 Nxe5 13. Bxe5 dxc4 14. Qa4+ Qd7
15. Qxd7+ Nxd7 16. Bxb7 Ra7 17. Bc6 1-0

[Event "Gibraltar Open"]
[Site "Caleta ENG"]
[Date "2012.01.27"]
[Round "4.109"]
[White "Obiamiwe, Paul"]
[Black "Conflitti, Alessandro"]
[Result "1-0"]
[WhiteElo "1982"]
[BlackElo "1792"]
[WhiteFideId "8500215"]
[BlackFideId "843563"]
[EventDate "2012.01.24"]

1. e4 e6 2. d4 d5 3. Nc3 Bb4 4. e5 c5 5. a3 Ba5 6. b4 cxd4 7. bxa5 dxc3 8. Qg4
Ne7 9. Qxg7 Rg8 10. Qxh7 Qc7 11. Nf3 Nbc6 12. Bf4 Bd7 13. a6 b6 14. Qd3 Na5 15.
Nd4 O-O-O 16. a4 Nf5 17. Nxf5 exf5 18. g3 Be6 19. Bh3 d4 20. Bxf5 Qc6 21. O-O
Nc4 22. Be4 Bd5 23. Bxd5 Rxd5 24. Rfe1 Nb2 25. Qh7 Qg6 26. Qh3+ Qg4 27. Qxg4+
Rxg4 28. e6 fxe6 29. Rxe6 d3 30. cxd3 Nxd3 31. Be3 Rc4 32. Kg2 c2 33. Re7 c1=Q
34. Bxc1 Rxc1 35. Rxc1+ Nxc1 36. Rxa7 Ra5 37. Ra8+ Kc7 38. h4 Rxa4 39. h5 Ra5
40. h6 Nd3 41. h7 Ne1+ 42. Kf1 Ra1 43. h8=Q 1-0

[Event "Gibraltar Open"]
[Site "Caleta ENG"]
[Date "2012.01.27"]
[Round "4.110"]
[White "Mihajlov, Sebastian"]
[Black "Kuenitz, Klaus"]
[Result "1-0"]
[WhiteElo "1974"]
[BlackElo "1686"]
[WhiteFideId "1512110"]
[BlackFideId "4640713"]
[EventDate "2012.01.24"]

1. d4 f5 2. c4 g6 3. Nf3 Nf6 4. e3 Bg7 5. Bd3 d6 6. Nc3 O-O 7. e4 fxe4 8. Nxe4
Nc6 9. O-O Bg4 10. Nxf6+ Bxf6 11. Be2 Rb8 12. Be3 a6 13. h3 Bxf3 14. Bxf3 e5 15.
Bxc6 bxc6 16. b3 Qd7 17. Qd2 Rfe8 18. d5 c5 19. Qa5 Qc8 20. Rab1 Qb7 21. a3 c6
22. Rfd1 cxd5 23. Rxd5 Qc6 24. Rbd1 Bd8 25. Qc3 Bc7 26. f4 Qb7 27. fxe5 Qxb3 28.
Qxb3 Rxb3 29. exd6 Bxd6 30. Bxc5 Bxc5+ 31. Rxc5 Rxa3 32. Rc7 Rc3 33. Rdd7 a5 34.
Rg7+ Kh8 35. Rxh7+ Kg8 36. Rhg7+ Kh8 37. Rxg6 Ra8 38. c5 a4 39. Rgg7 Rxc5 40.
Rh7+ Kg8 41. Rcg7+ Kf8 42. Rf7+ Kg8 43. Rfg7+ Kf8 44. Rh8+ Kxg7 45. Rxa8 Rc4 46.
Ra6 Kf7 47. Kh2 Ke7 48. g4 Kd7 49. g5 Ke7 50. Kg3 Kf7 51. h4 Kg7 52. h5 Rb4 53.
Ra7+ Kg8 54. g6 Rb3+ 55. Kg4 Rb4+ 56. Kg5 Rb5+ 57. Kh6 1-0

[Event "Gibraltar Open"]
[Site "Caleta ENG"]
[Date "2012.01.27"]
[Round "4.117"]
[White "Flynn, David"]
[Black "Riiser, Samuel"]
[Result "0-1"]
[WhiteElo "1973"]
[BlackElo "1827"]
[WhiteFideId "410594"]
[BlackFideId "1509470"]
[EventDate "2012.01.24"]

1. e4 c5 2. c3 g6 3. d4 cxd4 4. cxd4 d5 5. e5 Nc6 6. h3 Nh6 7. Nc3 Nf5 8. Nf3 e6
9. Be2 Qb6 10. Be3 Nxe3 11. fxe3 Qxb2 12. Nb5 Qb4+ 13. Nd2 Qa5 14. Kf2 a6 15.
Nb3 Qd8 16. Nc3 Bh6 17. Nc5 O-O 18. Rb1 f6 19. exf6 b6 20. Nd3 Qxf6+ 21. Bf3 b5
22. Nc5 Na5 23. Re1 Rd8 24. a4 Nc4 25. axb5 axb5 26. Rxb5 Qh4+ 27. Kg1 Bxe3+ 28.
Kh1 Bd2 29. Nxd5 exd5 30. Bxd5+ Rxd5 31. Re8+ Kg7 32. Qf3 Ra1+ 33. Kh2 Bf4+ 34.
g3 Qxh3# 0-1

[Event "Gibraltar Open"]
[Site "Caleta ENG"]
[Date "2012.01.27"]
[Round "4.118"]
[White "Forsa, Elise"]
[Black "Marano, Salvatore"]
[Result "1-0"]
[WhiteElo "1770"]
[BlackElo "1967"]
[WhiteFideId "1500163"]
[BlackFideId "814962"]
[EventDate "2012.01.24"]

1. e4 g6 2. Nf3 Bg7 3. d4 d6 4. Be3 a6 5. Bd3 Nc6 6. c3 e5 7. Nbd2 Nf6 8. h3 h6
9. Bc2 O-O 10. Nf1 Nh5 11. Qd2 g5 12. N1h2 Qf6 13. Ng4 Qg6 14. O-O-O Nf4 15. Ne1
Na5 16. b3 b6 17. f3 Nc6 18. Kb1 Nh5 19. Qf2 exd4 20. cxd4 Nb4 21. Bd2 Nxc2 22.
Nxc2 f5 23. exf5 Bxf5 24. Bc3 c5 25. Ne3 Be4 26. Qd2 Bb7 27. dxc5 Bxc3 28. Qxc3
dxc5 29. h4 Qf6 30. Qc4+ Rf7 31. hxg5 Qxg5 32. Rd7 Rf8 33. Rxb7 b5 34. Qe6 Nf4
35. Qxa6 Rf6 36. Qxb5 Ne6 37. Rb8 Kg7 38. Rxf8 Rxf8 39. Qd7+ Kf6 40. Ng4+ Kf5
41. Nce3+ 1-0

[Event "Gibraltar Open"]
[Site "Caleta ENG"]
[Date "2012.01.27"]
[Round "4.119"]
[White "Pietinen, Pekka"]
[Black "Randlov, Carsten"]
[Result "0-1"]
[WhiteElo "2008"]
[BlackElo "1831"]
[WhiteFideId "502545"]
[BlackFideId "1437542"]
[EventDate "2012.01.24"]

1. e4 d6 2. d4 Nf6 3. f3 g6 4. c4 Bg7 5. Nc3 O-O 6. Be3 c6 7. Bd3 Nbd7 8. Nge2
e5 9. Qd2 Re8 10. d5 c5 11. a3 a6 12. b4 Qe7 13. Nc1 Nh5 14. Nb3 Nf4 15. bxc5
Nxc5 16. Nxc5 dxc5 17. Na4 Nxd3+ 18. Qxd3 f5 19. Bxc5 Qh4+ 20. g3 Qg5 21. Nb6
fxe4 22. fxe4 Rb8 23. Nxc8 Rbxc8 24. Be3 Qg4 25. O-O h5 26. c5 h4 27. Bf2 Rf8
28. Kg2 Rf3 29. Qc4 Rcf8 30. c6 h3+ 31. Kg1 Rc3 32. Qxc3 Qxe4 0-1

[Event "Gibraltar Open"]
[Site "Caleta ENG"]
[Date "2012.01.27"]
[Round "4.120"]
[White "Rough, Robert E"]
[Black "Frey, Matthias"]
[Result "0-1"]
[WhiteElo "1762"]
[BlackElo "1941"]
[WhiteFideId "2403030"]
[BlackFideId "1315030"]
[EventDate "2012.01.24"]

1. c4 e5 2. g3 Nf6 3. Bg2 d5 4. d3 c6 5. Nf3 Bd6 6. cxd5 cxd5 7. O-O O-O 8. Bg5
Nbd7 9. Nc3 h6 10. Bxf6 Nxf6 11. Nd2 Bb4 12. Rc1 Be6 13. Qa4 Ba5 14. b4 Bb6 15.
h3 Qe7 16. Qb3 d4 17. Nd5 Nxd5 18. Bxd5 Bxh3 19. Ne4 0-1

[Event "Gibraltar Open"]
[Site "Caleta ENG"]
[Date "2012.01.27"]
[Round "4.121"]
[White "Jablon, Stephen"]
[Black "Neumanova, Monika"]
[Result "1-0"]
[WhiteElo "1931"]
[BlackElo "1696"]
[WhiteFideId "2019833"]
[BlackFideId "323918"]
[EventDate "2012.01.24"]

1. d4 Nf6 2. Nc3 d5 3. Bg5 e6 4. e4 dxe4 5. Nxe4 Be7 6. Bxf6 Bxf6 7. Nf3 Be7 8.
Bd3 O-O 9. h4 b6 10. Qe2 Nd7 11. Neg5 h6 12. Nxe6 fxe6 13. Qxe6+ Kh8 14. Qe4
Bb4+ 15. c3 Re8 16. Ne5 Kg8 17. Bc4+ Kh8 18. Ng6+ Kh7 19. Nf8+ 1-0

[Event "Gibraltar Open"]
[Site "Caleta ENG"]
[Date "2012.01.27"]
[Round "4.122"]
[White "Pollo Mancilla, Ricardo"]
[Black "Auvinen, Esa"]
[Result "1/2-1/2"]
[WhiteElo "1450"]
[BlackElo "1926"]
[WhiteFideId "22228446"]
[BlackFideId "501069"]
[EventDate "2012.01.24"]

1. e4 e5 2. Nf3 Nc6 3. d4 exd4 4. Nxd4 Bc5 5. Be3 Qf6 6. c3 Nge7 7. Bc4 Qg6 8.
O-O Bxd4 9. Bxd4 Qxe4 10. Re1 Qg6 11. Na3 a6 12. Bd3 f5 13. Bc4 d6 14. Qe2 Bd7
15. b4 b5 16. Bd5 O-O-O 17. Bf3 Nxd4 18. cxd4 Bc6 19. Rac1 Bxf3 20. Qxf3 Kd7 21.
Qb7 Rc8 22. Qxa6 d5 23. Qxb5+ Kd8 24. Qb7 Qb6 25. Qxb6 cxb6 26. Rxc8+ Nxc8 27.
Nc2 Kd7 28. a4 Ne7 29. a5 bxa5 30. bxa5 Ra8 31. Ra1 Kc6 32. a6 Kb5 33. a7 Kb6
34. Kf1 Rxa7 35. Rxa7 Kxa7 36. Ke2 Kb6 37. Kd3 1/2-1/2

[Event "Gibraltar Open"]
[Site "Caleta ENG"]
[Date "2012.01.27"]
[Round "4.125"]
[White "Kazmierczak, Ewa"]
[Black "Zaky, Tamir"]
[Result "0-1"]
[WhiteElo "1477"]
[BlackElo "1882"]
[WhiteFideId "1154877"]
[BlackFideId "651451"]
[EventDate "2012.01.24"]

1. e4 Nc6 2. Nf3 e5 3. Bb5 a6 4. Ba4 Nf6 5. O-O b5 6. Bb3 Bc5 7. c3 Bb6 8. Re1
Bb7 9. d4 Qe7 10. h3 d6 11. Bc2 h6 12. Be3 Na5 13. Nbd2 g5 14. Nh2 c5 15. d5 Bc8
16. b3 Rg8 17. Ndf1 g4 18. h4 Qf8 19. Ng3 Qg7 20. Qd2 Rh8 21. Bd1 h5 22. Be2 Qg6
23. Bd3 Nb7 24. a4 Na5 25. Qc2 Nxb3 26. Bxb5+ axb5 27. Qxb3 Bd7 28. axb5 0-1

[Event "Gibraltar Open"]
[Site "Caleta ENG"]
[Date "2012.01.27"]
[Round "4.126"]
[White "Chidi, Lovinia Sylvia"]
[Black "Savage, Neil"]
[Result "1-0"]
[WhiteElo "1821"]
[BlackElo "1645"]
[WhiteFideId "1270574"]
[BlackFideId "14304783"]
[EventDate "2012.01.24"]

1. e4 c5 2. Nf3 Nc6 3. Bc4 a6 4. a4 d6 5. Nc3 Nf6 6. O-O Bg4 7. h3 Bxf3 8. Qxf3
e6 9. Qd1 Be7 10. d3 d5 11. exd5 Nxd5 12. Bd2 Nf6 13. Re1 O-O 14. Ne2 Qd7 15.
Nc3 Rfd8 16. a5 Nd4 17. Na4 Qc6 18. Nb6 Ra7 19. c3 Nf5 20. Qe2 Nd7 21. Na4 Bf6
22. Bb3 Ne5 23. Bc2 Nxd3 24. Bxd3 Nh4 25. Be4 Rxd2 26. Qxd2 Qb5 27. Qe2 Qxa5 28.
g3 Ng6 29. f4 b5 30. Nxc5 Qb6 1-0

[Event "Gibraltar Open"]
[Site "Caleta ENG"]
[Date "2012.01.28"]
[Round "5.17"]
[White "Howell, David W L"]
[Black "Freuler, Roman"]
[Result "1-0"]
[WhiteTitle "GM"]
[WhiteElo "2603"]
[BlackElo "2077"]
[WhiteFideId "410608"]
[BlackFideId "1304283"]
[EventDate "2012.01.24"]

1. d4 Nf6 2. Nf3 g6 3. Bg5 Bg7 4. Nbd2 O-O 5. c3 d5 6. e3 b6 7. a4 a5 8. Be2 Bb7
9. O-O Nbd7 10. h3 c5 11. Qb3 Ne8 12. Bf4 Rc8 13. Rfd1 e6 14. Rac1 Qe7 15. Bb5
c4 16. Qa2 Nc7 17. Bxc7 Rxc7 18. b3 Rfc8 19. bxc4 dxc4 20. e4 Nf6 21. Re1 Bh6
22. Rb1 Bf8 23. Re2 Qa3 24. Qxa3 Bxa3 25. Ne5 Bf8 26. f3 Bh6 27. Ndxc4 Bf4 28.
Nxb6 Rd8 29. Nd3 Bh6 30. Nc4 Bc6 31. Bxc6 Rxc6 32. Nc5 Ra8 33. Rb5 Bf8 34. Nxa5 1-0

[Event "Gibraltar Open"]
[Site "Caleta ENG"]
[Date "2012.01.28"]
[Round "5.21"]
[White "Sargissian, Gabriel"]
[Black "Raznikov, Danny"]
[Result "1/2-1/2"]
[WhiteTitle "GM"]
[BlackTitle "IM"]
[WhiteElo "2683"]
[BlackElo "2436"]
[WhiteFideId "13300881"]
[BlackFideId "2811154"]
[EventDate "2012.01.24"]

1. d4 d5 2. c4 c6 3. Nc3 Nf6 4. e3 g6 5. Nf3 Bg7 6. Be2 O-O 7. O-O a6 8. a4 a5
9. cxd5 cxd5 10. Qb3 Nc6 11. Bd2 Qd6 12. Rac1 Bd7 13. Nb5 Qb8 14. Rfd1 Rc8 15.
Ne1 e6 16. Nd3 Bf8 17. Be1 b6 18. f3 Qb7 19. Bg3 Ne8 20. e4 Nb4 21. Nxb4 Bxb4
22. e5 Rxc1 23. Rxc1 Rc8 24. Rc2 Rxc2 25. Qxc2 Be7 26. b3 Qc6 27. Qxc6 Bxc6 28.
Na7 Bb7 29. Bb5 Nc7 30. Bd7 Na6 31. Kf2 Nb4 32. Ke2 Kf8 33. Kd2 Bg5+ 34. f4 Bd8
35. Bf2 Ke7 36. Bb5 Kf8 37. g4 f5 38. exf6 Bxf6 39. Be2 Nc6 40. Nb5 Ba6 41. Kc3
Na7 42. Bd3 Nxb5+ 43. axb5 Bc8 44. Bg3 Bd8 45. Kd2 Kf7 46. Ke3 Bd7 47. Be2 Kg7
48. Kd2 Be8 49. Kc3 h5 50. h3 hxg4 51. hxg4 Kf7 52. Kd2 Bd7 53. Ke3 Bc8 54. Kf3
Bd7 55. Bf2 Be7 56. Kg3 Bf6 57. Kh3 Kg7 58. Kg3 Kf7 59. Kf3 Bd8 60. Ke3 Bc8 61.
Kd2 Bd7 62. Kc3 Be8 63. b4 axb4+ 64. Kxb4 Kg7 65. Kc3 Bd7 66. Kd2 Kf7 67. Ke3
Kg7 68. Be1 Be7 69. Bd3 Kf7 70. Bg3 Bd8 71. Kf3 1/2-1/2

[Event "Gibraltar Open"]
[Site "Caleta ENG"]
[Date "2012.01.28"]
[Round "5.22"]
[White "Lyrberg, Patrik"]
[Black "Fridman, Daniel"]
[Result "1/2-1/2"]
[WhiteTitle "IM"]
[BlackTitle "GM"]
[WhiteElo "2435"]
[BlackElo "2660"]
[WhiteFideId "1701975"]
[BlackFideId "11600454"]
[EventDate "2012.01.24"]

1. d4 d5 2. c4 e6 3. Nc3 c6 4. cxd5 exd5 5. Bf4 Bf5 6. e3 Qb6 7. Qd2 Nf6 8. f3
Be7 9. g4 Bg6 10. Bxb8 Rxb8 11. Nge2 Bd6 12. Nf4 O-O 13. h4 Rbe8 14. Be2 Rxe3
15. Nxg6 Rfe8 16. Ne5 Bxe5 17. dxe5 d4 18. Na4 Qc7 19. Qxd4 R3xe5 20. Nc3 Nd5
21. Ne4 Nf6 22. Nxf6+ gxf6 23. Rh2 Rd5 24. Qg1 Qe5 25. g5 f5 26. Rb1 Rd3 27. Kf1
Re3 28. Re1 Qxb2 29. g6 hxg6 30. h5 Qe5 31. Qg2 Kg7 32. hxg6 fxg6 33. Qh3 Rxf3+
34. Qxf3 Qxh2 35. Rd1 Kh6 36. Rd3 Re4 37. Ke1 g5 38. Rd7 Qh4+ 39. Qf2 Qxf2+ 40.
Kxf2 g4 41. Rxb7 Ra4 42. Rc7 Rxa2 43. Rxc6+ Kg5 44. Rc5 Kf4 45. Rc4+ Ke5 46. Kf1
g3 47. Bh5 a5 48. Be8 f4 49. Bc6 Kf5 50. Kg1 Ke5 51. Kf1 Rb2 52. Ra4 Kd6 53. Ba8
f3 54. Bxf3 Rf2+ 1/2-1/2

[Event "Gibraltar Open"]
[Site "Caleta ENG"]
[Date "2012.01.28"]
[Round "5.23"]
[White "Gupta, Abhijeet"]
[Black "Lund, Silas"]
[Result "1-0"]
[WhiteTitle "GM"]
[BlackTitle "IM"]
[WhiteElo "2652"]
[BlackElo "2414"]
[WhiteFideId "5010608"]
[BlackFideId "1405454"]
[EventDate "2012.01.24"]

1. d4 d5 2. c4 c6 3. Nf3 Nf6 4. Nc3 e6 5. g3 dxc4 6. Bg2 Nbd7 7. O-O Be7 8. a4
O-O 9. a5 Nd5 10. Qc2 b5 11. axb6 Qxb6 12. Na4 Qb3 13. Qb1 a5 14. Bd2 Qb5 15.
Rc1 Ba6 16. Bf1 Nb4 17. Nc3 Qb6 18. Bg5 f6 19. Bh3 c5 20. Be3 f5 21. Rd1 Bb7 22.
dxc5 Nxc5 23. Rd7 Bxf3 24. exf3 Nxd7 25. Bxb6 Nxb6 26. Qe1 Kf7 27. Qe5 Nd3 28.
Qc7 Rfb8 29. f4 Nb4 30. Re1 N4d5 31. Qe5 1-0

[Event "Gibraltar Open"]
[Site "Caleta ENG"]
[Date "2012.01.28"]
[Round "5.24"]
[White "Getz, Nicolai"]
[Black "Parligras, Mircea-Emilian"]
[Result "0-1"]
[WhiteTitle "IM"]
[BlackTitle "GM"]
[WhiteElo "2408"]
[BlackElo "2650"]
[WhiteFideId "1505572"]
[BlackFideId "1204297"]
[EventDate "2012.01.24"]

1. d4 Nf6 2. c4 e6 3. Nc3 Bb4 4. Qc2 O-O 5. a3 Bxc3+ 6. Qxc3 b6 7. Bg5 Bb7 8. e3
d6 9. Ne2 Nbd7 10. Qc2 h6 11. Bh4 c5 12. Rd1 cxd4 13. Rxd4 Qc7 14. Nc3 a6 15.
Qd1 Rfd8 16. Be2 Bxg2 17. Rg1 Bc6 18. Rxd6 Ne8 19. Bxd8 Qxd6 20. Qxd6 Nxd6 21.
Bc7 Nf5 22. h3 Rc8 23. Bh2 Nh4 24. Rg4 g5 25. Rd4 Kf8 26. b4 Ke8 27. Ne4 Bxe4
28. Rxe4 e5 29. Rg4 f5 30. Rg1 f4 31. Kd2 Nf6 32. Kc2 Nf5 33. Kb3 Rd8 34. Rd1
Rxd1 35. Bxd1 Ne4 36. Bc2 Nfd6 37. c5 bxc5 38. bxc5 Nxc5+ 39. Kb4 Nce4 40. exf4
gxf4 41. f3 Ng5 42. Bg1 Nxf3 43. Bc5 Kd7 44. Bd3 e4 45. Bxa6 e3 46. a4 Ne5 47.
Bb6 Kc6 48. a5 Kd5 49. Bc7 f3 0-1

[Event "Gibraltar Open"]
[Site "Caleta ENG"]
[Date "2012.01.28"]
[Round "5.25"]
[White "Iturrizaga, Eduardo"]
[Black "Quillan, Gary"]
[Result "1/2-1/2"]
[WhiteTitle "GM"]
[BlackTitle "IM"]
[WhiteElo "2649"]
[BlackElo "2409"]
[WhiteFideId "3901211"]
[BlackFideId "401153"]
[EventDate "2012.01.24"]

1. d4 e6 2. Nf3 Nf6 3. c4 c5 4. d5 exd5 5. cxd5 d6 6. Nc3 g6 7. Bf4 a6 8. a4 Bg7
9. e3 Qe7 10. Be2 Nbd7 11. h3 O-O 12. O-O Rb8 13. Re1 Ne8 14. Qc2 Ne5 15. Nd2
Nc7 16. a5 b5 17. axb6 Rxb6 18. Bg3 f5 19. f4 Nf7 20. Nc4 Rb4 21. Rad1 Bd7 22.
Kh2 Rfb8 23. Bf1 Qf8 24. Rd2 Bb5 25. b3 Bd7 26. Na5 Nb5 27. Na2 Re4 28. Bd3 Ree8
29. Bh4 Nh6 30. Qc1 Bf6 31. Bxf6 Qxf6 32. b4 Rbc8 33. Bc4 g5 34. Nc6 gxf4 35.
exf4 Ng4+ 36. Kg3 Qg7 37. hxg4 Qxg4+ 38. Kf2 Qxf4+ 39. Kg1 Rxe1+ 40. Qxe1 Qxc4
41. Ne7+ Kf7 42. Nxc8 Bxc8 43. bxc5 Qxc5+ 44. Kh2 Qc4 45. Qe3 Qh4+ 46. Kg1 Qf6
47. Nb4 Qa1+ 48. Kf2 Nc3 49. Nc2 Nd1+ 50. Kf3 Nxe3 51. Nxa1 Nxd5 52. Nb3 Bb7 53.
Na5 Ba8 54. Rb2 Nf6+ 55. Kf2 Be4 56. Rb6 Ng4+ 57. Kg3 d5 58. Kf4 Bxg2 59. Kxf5
Ne3+ 60. Ke5 h5 61. Rxa6 h4 62. Kf4 h3 1/2-1/2

[Event "Gibraltar Open"]
[Site "Caleta ENG"]
[Date "2012.01.28"]
[Round "5.26"]
[White "Melia, Salome"]
[Black "Lupulescu, Constantin"]
[Result "1/2-1/2"]
[WhiteTitle "IM"]
[BlackTitle "GM"]
[WhiteElo "2398"]
[BlackElo "2648"]
[WhiteFideId "13602446"]
[BlackFideId "1207822"]
[EventDate "2012.01.24"]

1. e4 c6 2. d4 d5 3. exd5 cxd5 4. c4 Nf6 5. Nc3 Nc6 6. Nf3 Be6 7. Bg5 g6 8. Bxf6
exf6 9. c5 Bg7 10. Bb5 O-O 11. h3 f5 12. Qd2 h6 13. Ne2 g5 14. O-O g4 15. Nh2
gxh3 16. g3 f4 17. Qxf4 Qg5 18. Bxc6 bxc6 19. Rad1 Rfe8 20. Rd2 Bf5 21. Nf3 Qh5
22. Nc3 Re6 23. Nh4 Bh7 24. Kh2 Rae8 25. b4 Bf6 26. Qf3 Qg5 27. Qd1 Qg7 28. Nf3
Be4 29. Ne1 h5 30. b5 h4 31. Rg1 hxg3+ 32. Rxg3 Bg5 33. Nxe4 dxe4 34. Qg4 Rg6
35. Re2 Qf6 36. Qd7 Rd8 37. Qxc6 Qxd4 38. Qxe4 Bf4 39. Qxd4 Rxd4 40. Kxh3 Bxg3
41. fxg3 Rc4 42. Nd3 Rc3 43. Re8+ Kg7 44. Rd8 Re6 45. Nf4 Rh6+ 46. Kg4 Rxc5 47.
a4 a6 48. Rb8 axb5 49. axb5 Rd6 50. b6 Rb5 51. Nh5+ Kh7 52. Rf8 Rd4+ 53. Kf3
Rb3+ 54. Kg2 Kg6 55. Nf4+ Kg7 56. Rb8 Rdb4 57. Nh5+ Kh6 58. Rh8+ Kg6 59. Nf4+
Kg7 60. Rh4 Rxb6 61. Rg4+ Kf8 62. Rh4 Ra3 63. Rh8+ Kg7 64. Rd8 Rbb3 65. Kh2 Kf6
66. Rg8 Kf5 67. Rg7 f6 68. Ng2 Ra1 69. Nh4+ Ke6 70. Kh3 Ra5 71. Kg2 Rg5 72. Rxg5
fxg5 73. Nf3 Kf6 74. g4 Rb4 75. Kg3 Re4 76. Nd2 Rd4 77. Nf3 Rd5 78. Kf2 Ke6 79.
Ke3 Kd7 80. Ke4 Kd6 81. Ke3 Ra5 82. Kf2 Ke7 83. Ke3 Kf6 84. Kf2 Ra2+ 85. Kg3 Rb2
86. Kh3 Rb8 87. Kg3 Ra8 88. Kf2 Ra5 89. Kg3 Ke6 90. Kf2 Kd6 91. Ke3 Kc7 92. Kf2
Kb6 93. Ke3 Rb5 94. Kd3 Ra5 95. Ke3 Rc5 96. Kd3 Kb5 97. Nd4+ Kb4 98. Nf3 Kb3 99.
Nd4+ Kb2 100. Nf3 Kc1 101. Ke2 Kc2 102. Ke3 Kd1 103. Kf2 Ra5 104. Ke3 Ra3+ 105.
Kf2 Ra2+ 106. Ke3 Re2+ 107. Kd3 Rg2 108. Nxg5 Rg3+ 109. Ke4 Rxg4+ 110. Kf5 Ra4
111. Nf7 Ke2 112. Ne5 Ke3 113. Ng4+ Kd4 114. Kf4 Ra8 115. Kf5 Rf8+ 116. Nf6
Rxf6+ 117. Kxf6 1/2-1/2

[Event "Gibraltar Open"]
[Site "Caleta ENG"]
[Date "2012.01.28"]
[Round "5.28"]
[White "Graf, Felix"]
[Black "Fier, Alexandr"]
[Result "1/2-1/2"]
[BlackTitle "GM"]
[WhiteElo "2367"]
[BlackElo "2603"]
[WhiteFideId "24608904"]
[BlackFideId "2107139"]
[EventDate "2012.01.24"]

1. d4 c5 2. d5 Nf6 3. c4 e6 4. Nc3 exd5 5. cxd5 d6 6. Nf3 g6 7. Qa4+ Nbd7 8. Bf4
a6 9. e4 Rb8 10. Bd3 b5 11. Qc2 Nh5 12. Bg5 Qc7 13. O-O Bg7 14. a4 c4 15. Be2
O-O 16. axb5 axb5 17. g4 Nhf6 18. Nd4 b4 19. Ncb5 b3 20. Qxc4 Qxc4 21. Bxc4 Ne5
22. Bxb3 Nxe4 23. Be7 Re8 24. Bxd6 Nf3+ 25. Nxf3 Rxb5 26. Ba4 Nxd6 27. Bxb5 Nxb5
28. Ra8 Nc7 29. Rxc8 Rxc8 30. Rc1 Bxb2 31. Rc6 Ba3 32. Nd2 Rd8 33. Rxc7 Rxd5 34.
Ne4 Kg7 35. Kg2 Re5 36. Kf3 h5 37. h3 Rb5 38. Rc3 Bb2 39. Rc7 Ba3 1/2-1/2

[Event "Gibraltar Open"]
[Site "Caleta ENG"]
[Date "2012.01.28"]
[Round "5.29"]
[White "Kulaots, Kaido"]
[Black "Ansell, Simon T"]
[Result "1-0"]
[WhiteTitle "GM"]
[BlackTitle "IM"]
[WhiteElo "2581"]
[BlackElo "2373"]
[WhiteFideId "4500261"]
[BlackFideId "402141"]
[EventDate "2012.01.24"]

1. e4 e5 2. Nf3 Nc6 3. Bc4 Be7 4. O-O Nf6 5. d3 O-O 6. Re1 d6 7. a4 Be6 8. Nbd2
Nd7 9. c3 Bf6 10. a5 Bxc4 11. Nxc4 a6 12. Ne3 Ne7 13. h4 Kh8 14. g3 Ng8 15. Kg2
Qe8 16. Rh1 Nc5 17. Ng5 Bd8 18. b4 Ne6 19. Qh5 h6 20. Qg4 Nf6 21. Qh3 g6 22.
Nxe6 Qxe6 23. Qxe6 fxe6 24. c4 c6 25. Bd2 Kh7 26. b5 c5 27. Rhb1 Rf7 28. Rb3 h5
29. f3 Rd7 30. Bc3 Kg7 31. Rab1 Kf7 32. bxa6 bxa6 33. Rf1 Ke8 34. f4 exf4 35.
Rxf4 e5 36. Rf1 Raa7 37. Rb8 Rf7 38. Rfb1 Ng4 39. Nd1 Kd7 40. Bd2 Rg7 41. Kf3
Bc7 42. Rh8 Kc6 43. Rf8 Rb7 44. Rxb7 Kxb7 45. Ke2 Kc6 46. Nb2 Re7 47. Rg8 Re6
48. Rg7 Rf6 49. Nd1 Re6 50. Nc3 Bxa5 51. Nd5 Bb6 52. Rg8 Kb7 53. Rf8 Kc6 54. Kd1
Kb7 55. Kc2 Kc6 56. Kb3 g5 57. hxg5 Kb7 58. Ka4 1-0

[Event "Gibraltar Open"]
[Site "Caleta ENG"]
[Date "2012.01.28"]
[Round "5.32"]
[White "Korchnoi, Viktor"]
[Black "Georgiadis, Nico"]
[Result "1/2-1/2"]
[WhiteTitle "GM"]
[BlackTitle "FM"]
[WhiteElo "2558"]
[BlackElo "2291"]
[WhiteFideId "1300016"]
[BlackFideId "1300113"]
[EventDate "2012.01.24"]

1. Nf3 c5 2. c4 g6 3. e4 Nc6 4. d4 cxd4 5. Nxd4 Nf6 6. Nc3 d6 7. Be2 Nxd4 8.
Qxd4 Bg7 9. c5 O-O 10. cxd6 Ne8 11. Qe3 Nxd6 12. O-O Be6 13. Rd1 Qb6 14. Qf3
Rac8 15. a4 Qb4 16. Bd3 Nc4 17. Bxc4 Rxc4 18. Nd5 Bxd5 19. exd5 Rc2 20. a5 Rfc8
21. Qe3 Bd4 22. Rxd4 Qxd4 23. Qxd4 Rxc1+ 24. Qd1 Rxd1+ 25. Rxd1 Rc2 26. g4 Rxb2
27. Rc1 Rb5 28. Rc7 Kf8 29. Rc8+ Kg7 30. Rc7 Rxd5 31. Rxe7 Rxa5 32. Rxb7 g5 33.
Kg2 Ra1 34. Kg3 a5 35. Rb5 h6 36. h4 Kg6 37. Rb6+ Kg7 38. Rb5 Kg6 39. Rb6+ f6
40. Ra6 a4 41. h5+ Kf7 42. Kf3 a3 43. Ke4 Re1+ 44. Kf3 Ra1 45. Ke4 Re1+ 46. Kf3
Ra1 1/2-1/2

[Event "Gibraltar Open"]
[Site "Caleta ENG"]
[Date "2012.01.28"]
[Round "5.33"]
[White "Henriksson, Johan"]
[Black "Berg, Emanuel"]
[Result "0-1"]
[BlackTitle "GM"]
[WhiteElo "2308"]
[BlackElo "2550"]
[WhiteFideId "1703560"]
[BlackFideId "1704060"]
[EventDate "2012.01.24"]

1. d4 Nf6 2. Nf3 g6 3. g3 Bg7 4. Bg2 O-O 5. O-O d6 6. c4 Bd7 7. b3 Qc8 8. Re1 c5
9. Bb2 cxd4 10. Nxd4 Nc6 11. Nc3 Re8 12. Qd2 Nxd4 13. Qxd4 Ng4 14. Qd2 Qc5 15.
Ne4 Qh5 16. h3 Bxb2 17. Qxb2 Ne5 18. h4 Bc6 19. Rad1 Qf5 20. Ng5 h6 21. Nh3 g5
22. hxg5 hxg5 23. Qd2 f6 24. f4 Bxg2 25. Kxg2 Qe4+ 26. Kg1 gxf4 27. Qxf4 Qg6 28.
Nf2 Kf7 29. Kg2 Rh8 30. Rh1 Rag8 31. e4 Qg7 32. Rxh8 Rxh8 33. Rh1 Rxh1 34. Kxh1
Qh8+ 35. Kg2 Qh5 36. Qe3 b6 37. Kg1 Nf3+ 38. Kg2 Ne5 39. Kg1 Ng6 40. Kg2 Qa5 41.
Qe2 Qg5 42. Nh3 Qe5 43. Nf2 Qg5 44. Nh3 Qh6 45. Nf2 Kf8 46. Nd3 Qg5 47. Kh2 Ke8
48. Kg2 Kf7 49. Kh2 Kf8 50. Kg2 Ke8 51. Kh2 Kd8 52. Kg2 Qh6 53. Nf2 Qc1 54. Nd3
Qc3 55. Kf2 Kc7 56. Kg2 a5 57. Nf4 Nxf4+ 58. gxf4 Kc6 59. Qg4 Qd2+ 60. Kf1 Kc5
61. Qf5+ Kd4 62. e5 Qd3+ 0-1